| 000 | 00883nac a22002657a 4500 | ||
|---|---|---|---|
| 001 | BR8304625 | ||
| 003 | BR-BrBNA | ||
| 005 | 20240105115822.0 | ||
| 008 | 230509b bl.|||m| |||| 00| 0 por d | ||
| 040 |
_aBR-BrBNA _bpor _cBiblioteca Nacional de Agricultura |
||
| 072 | _aF00; L00; A50 | ||
| 090 | _aF00 BR8304625 | ||
| 110 | 1 |
_aEmpresa de Pesquisa Agropecuaria da Bahia, Salvador (Brasil) _94095 |
|
| 245 | 1 | _aProgramacao das atividades de pesquisa, difusao de tecnologia e producao [Bahia, Brasil] | |
| 260 | 3 |
_aSalvador, BA (Brasil): _c1983. |
|
| 300 | _a150 p. | ||
| 490 |
_aDocumentos - Empresa de Pesquisa Agropecuaria da Bahia (Brazil) _vno. 6 _x |
||
| 650 | _aPESQUISA | ||
| 650 | _aTECNOLOGIA AGRICOLA | ||
| 650 | _aPRODUCAO VEGETAL | ||
| 650 | _aPRODUCAO ANIMAL | ||
| 650 | _aBAHIA | ||
| 909 |
_a202312 _bLúcia Elande _c55 _dLúcia Elande |
||
| 942 |
_2AGRIS _n0 _cMS |
||
| 999 |
_c276550 _d276550 |
||